British Kids TV 00's - Statistics

General Stats
  • This quiz has been taken 155 times
    108 since last reset
  • The average score is 9 of 42
Answer Stats
Question Answer % Correct
12. What color is Brum? Yellow
77%
2. What word were Dick and Dom challenged to shout as loud as possible without being removed from the premises? Bogies
75%
6. The Sarah Jane Adventures was a children's spin-off of which iconic BBC program? Doctor Who
73%
1. Name the actress who portrayed Tracy Beaker. Danielle J. 'Dani' Harmer
71%
23. What is Dennis the Menace's dog called? Gnasher
68%
17. What is the signature phrase Basil Brush says after telling a joke? Boom Boom
66%
9. How many braided tails does Mona the Vampire have in her hair? 5
58%
10. In the intro for Art Attack, two splats, one purple, one green, hit together in a picture frame to make what mythical creature? A Dragon
42%
7. Who is the narrator for the first two seasons Thomas the Tank Engine and Friends? Sir Richard Starkey/Ringo Starr
42%
15. How many hosts did How2 have on each episode? 3
41%
28. SMart was the BBC's version of which similarly themed ITV show? Art Attack
30%
3. In 50/50 two groups of 50 children from two different cities were pitted against each other, what linked the members of each team? The same school
30%
26. Newsround first aired in what decade? 1970's
27%
8. In Stupid!, what part of the red-shirted child is possessed by The Devil? Index Finger
27%
19. In Prank Patrol, Barney Harwood was accompanied by two what? Ninjas
24%
16. What generic surname do Brian and Sophie take in human form on the show My Parents are Aliens? Johnson
19%
29. How many points did the sun have in the intro of Step Inside? 8
18%
4. What is the name of the Giraffe from 64 Zoo Lane? Georgina
15%
31. What character from the Fimbles got a spin-off show, and starred in a puppets-only special of The Weakest Link, which would later be won by Soo from The Sooty Show? Roly Mo
13%
22. In The Sorcerer's Apprentice, what number links the number of children and days spent training? 14
10%
14. In the intro for Tikkabilla, what appears behind the show's name as the intro fades out? A House
10%
20. What silent comedy is Uncle Max likened to? Mr. Bean
9%
30. Name as many of the robots from Little Robots as you can? Tiny
8%
18. The Shiny Show featured three animals, a purple monkey, called Mucker, an orange tiger, called Tigs, and a brown dog, what's the dogs name? Dogsby
5%
27. What was the spin-off of SMart called? SMarteenies
5%
5. In BamZooki, what were the computer generated creatures called? Zooks
5%
24. If Jungle Run players were lucky enough to collect all 18 Silver Monkeys, and the Ruby Monkey, how long would the have inside the Temple of the Monkey King? 200 seconds or 3 minutes 20 seconds
4%
21. What is the name of the island that Emily Elizabeth and her family move to, when their dog Clifford becomes so big, he occupies the whole house? Birdwell Island
4%
30. Name as many of the robots from Little Robots as you can? Messy
4%
13. In the eponymous Escape from Scorpion Island, how long are the adventurers on the island for? 3 weeks
3%
30. Name as many of the robots from Little Robots as you can? Flappy the Bat
3%
11. Who is the main antagonist of the various seasons of Raven, in both the original run and the 2010's reboot? Nevar
3%
30. Name as many of the robots from Little Robots as you can? Scary
3%
30. Name as many of the robots from Little Robots as you can? Sparky One
3%
30. Name as many of the robots from Little Robots as you can? Sparky Two
3%
30. Name as many of the robots from Little Robots as you can? Stretchy
3%
30. Name as many of the robots from Little Robots as you can? Noisy
1%
30. Name as many of the robots from Little Robots as you can? Rusty
1%
30. Name as many of the robots from Little Robots as you can? Sporty
1%
30. Name as many of the robots from Little Robots as you can? Spotty
1%
30. Name as many of the robots from Little Robots as you can? Stripy
1%
25. Name either of the hosts of Prove It! Joe Challands/Jamie Rickers
0%
No matching quizzes found
Score Distribution
Percent of People with Each Score
Percentile by Number Answered
Your Score History
You have not taken this quiz since the last reset